Multiidentitások keresése Közép-Kelet-Európában

Elmentve itt :
Bibliográfiai részletek
Szerző: MINAMIZUKA Shingo
Adatforrás:Meister
Forrásdokumentuma:A Hét. -
7 sz., 1997, 11 p.
Nyelv:magyar
Kulcsszavak:politika-szociológia
alapítványok
japánok
nemzeti identitás
szocializáció
nacionalizmus
Kelet-Európa
Toyota Alapítvány
Matsushita Alapítvány
LEADER 00612nab a2200217 i 4500
001 bibPRO00006946
008 060524s1997 xx hun
040 |a Sz1 
041 |a hun 
100 1 |a MINAMIZUKA Shingo 
245 1 0 |a Multiidentitások keresése Közép-Kelet-Európában  |c MINAMIZUKA Shingo 
695 |a politika-szociológia 
695 |a alapítványok 
695 |a japánok 
695 |a nemzeti identitás 
695 |a szocializáció 
695 |a nacionalizmus 
695 |a Kelet-Európa 
695 |a Toyota Alapítvány 
695 |a Matsushita Alapítvány 
773 0 |t A Hét. -  |g 7 sz., 1997, 11 p.